000 00361nam a2200133 i 4500
001 bg
100 1 _aPROCHOVENKO, V. K.
245 0 _aOboscennoe sostnosenie neopredelennostej termodinamika i ststiceskaja fizika /
_cV.K. Prochovenko.
260 _aMinsk,
_c1975.
040 _cBPK
041 _apol
942 _cKS
008 s pl f |000 0 pol
999 _c16397
_d16397
856 _uhttp://koha.tu.koszalin.pl/cgi-bin/koha/opac-detail.pl?biblionumber=16397
_yKatalog online BPK